Büyük medeniyetlerin büyük kenti Büyükçekmece (Record no. 10533)

MARC details
000 -BAŞLIK
Sabit Uzunlukta Kontrol Alanı 00957na a2200301 4500
001 - KONTROL NUMARASI
Denetim Alanı 23967
003 - KONTROL NUMARASI IDENTIFIER
Denetim Alanı MIRAKIL
005 - SON İŞLEM TARİHİ VE ZAMANI
Denetim Alanı 20181213155325.0
008 - SABİT-BOY VERİ ELEMANLARI - GENEL BİLGİLER
Sabit Uzunlukta Kontrol Alanı 180201b tu 000 0
020 ## - ULUSLARARASI STANDART KİTAP NUMARASI
Uluslararası Standart Kitap Numarası 9786056337062
040 ## - KATALOGLAMA KAYNAK
Orijinal Kataloglama Ajansı Milas
Kataloglama Dili tur
Metne Dönüştürmek Ajansı TR-AnCHP
041 ## - DİL KODU
Metin / Ses Parça Veya Ayrı Başlığın Dil Kodu tur
082 ## - DEWEY ONLU SINIFLANDIRMA NUMARASI
Sınıflandırma Numarası 910.95622611
Ürün Numarası G98b 2017
090 ## - SINIFLAMA NUMARASI
Sınıflama Numarası 910.95622611 G98b 2017
100 ## - ANA GİRİŞ - KİŞİSEL İSİM
Kişisel Ad Güven, Ali Murat
245 ## - BAŞLIK TABLOSU
Başlık Büyük medeniyetlerin büyük kenti Büyükçekmece
Sorumluluk Tablosu, Vb yazarlar Ali Murat Güven, Arif Kolay, Cengiz Özkarabekir ...[ve öte.]
260 ## - YAYIN, DAĞITIM, VB
Yayın, Dağıtım, Vb Yeri İstanbul
Yayıncı, Dağıtıcı, Vs Adı Batı İstanbul Vakfı
Yayın, Dağıtım, Vb Tarihi 2017
Üretici Firma Bilnet Matbaacılık
300 ## - FİZİKSEL TANIM
Kapsam 319 s.
Diğer Fiziksel Ayrıntıları fotğ. , tbl.
Boyutlar 33 sm.
504 ## - KAYNAKÇA VB NOT
Kaynakça Vb Notu Kaynakça var.
650 ## - KONU KATMA GİRİŞ - TOPİKAL DÖNEM
Topikal Süreli Veya Coğrafi Ad Giriş Elemanı Tarih
Coğrafi Alt Bölümü Büyükçekmece, İstanbul
651 ## - KONU KATMA GİRİŞ - COĞRAFİ ADI
Coğrafi İsim Büyükçekmece, İstanbul
Genel Alt Bölümü Tarih
700 ## - KATMA GİRİŞ - KİŞİSEL İSİM
Kişisel Ad Memiş, Şefik
700 ## - KATMA GİRİŞ - KİŞİSEL İSİM
Kişisel Ad Üstün, Hulusi
700 ## - KATMA GİRİŞ - KİŞİSEL İSİM
Kişisel Ad Hürel, Haldun
700 ## - KATMA GİRİŞ - KİŞİSEL İSİM
Kişisel Ad Özkarabekir, Cengiz
700 ## - KATMA GİRİŞ - KİŞİSEL İSİM
Kişisel Ad Kolay, Arif
942 ## - EKLENDİ GİRİŞ ELEMANLARI (KOHA)
Sınıflandırma Veya Raf Düzeni Kaynak Dewey Decimal Classification
Koha Öğesi Türü Books
999 ## - SİSTEM KONTROL NUMARALARI (KOHA)
Koha Biblionumber 10533
Koha Biblioitemnumber 10533
Holdings
Kalıcı Konum Mevcut Konum Edinme Tarihi Edinim Kaynak Toplam Check-Out'Lar Tam Çağrı Numarası Barkod Tarih Son Görülme İtibaren Geçerli Fiyatlar Koha Öğesi Türü
CHP Kütüphanesi CHP Kütüphanesi 02/01/2018 Bağış   910.95622611 G98b 2017 017961 02/01/2018 02/01/2018 Books